|
|
|
|
| LEADER |
01276cam a2200277 i 4500 |
| 001 |
c000190723 |
| 003 |
CARM |
| 005 |
20060113143642.0 |
| 008 |
820608s1981 xna s000 0 eng d |
| 019 |
1 |
|
|a 2211169
|z 23843520
|z 28163234
|5 LACONCORD2021
|
| 035 |
|
|
|a (OCoLC)27565474
|5 LACONCORD2021
|
| 040 |
|
|
|a QSL
|b eng
|c VCAV
|
| 042 |
|
|
|a anuc
|
| 082 |
0 |
4 |
|a 382.41
|2 19
|
| 100 |
1 |
|
|a Percival, R. H.
|q (Ron H.)
|
| 245 |
1 |
0 |
|a Destinations, N.S.W. rural produce exported 1977/78 season /
|c R. H. Percival.
|
| 260 |
|
|
|a Sydney :
|b Dept. of Agriculture, New South Wales, Division of Marketing and Economics,
|c 1981.
|
| 300 |
|
|
|a 10 leaves ;
|c 34cm.
|
| 490 |
1 |
|
|a Occasional paper series / Dept. of Agriculture New South Wales, Division of Marketing and Economics
|
| 650 |
|
0 |
|a Farm produce
|z New South Wales
|x Statistics.
|
| 651 |
|
0 |
|a New South Wales
|x Commerce.
|
| 710 |
1 |
|
|a New South Wales.
|b Division of Marketing and Economics.
|
| 830 |
|
0 |
|a Occasional paper series (New South Wales. Dept. of Agriculture. Division of Marketing and Economics)
|
| 852 |
8 |
|
|b CARM
|h A2:AP02B0
|i F00410
|p 0267328
|f BK
|
| 999 |
f |
f |
|i 21546a68-73a1-580c-8646-4d2801b13491
|s 1a73a8ce-fc7a-5520-91be-893cf0b4cdb8
|
| 952 |
f |
f |
|p Can circulate
|a CAVAL
|b CAVAL
|c CAVAL
|d CARM 1 Store
|e F00410
|f A2:AP02B0
|h Other scheme
|i book
|m 0267328
|